00301cam a22000977a 4500008004000000082001700040245006200057260003200119300000900151650004300160180718b1951 xxu||||| |||| 00| 0 eng d aF8x5461 D378 aDelhi municiplity election rules, 1951cBy Govt. of Delhi aDelhibGovt. of Delhic1951 a55p. aMunicipal corporations -- Delhi, India